000 00704nam a2200229 u 4500
005 20230527063550.0
008 091014s2007 ag r 000 0 spa d
020 _a9870006345 (10 dígitos)
020 _a9789870006343 (13 dígitos)
035 _aUPN01000173180
049 _aCG
050 4 _aBF724
_bK3.2
100 1 _aKancyper, Luis
_930943
245 1 0 _aAdolescencia :
_bel fin de la ingenuidad /
_cLuis Kancyper.
260 _aBuenos Aires :
_bLumen,
_c2007.
300 _a254 p.
440 0 _aTercer milenio
590 _aBibliografía Básica (BGTQ)
590 _a(También localizas un ejemplar en el "Area de Reserva")
650 4 _aPsicología del adolescente
_91013
905 _aLibro
999 _c145284
_d145284